| 000 | 00511nam a22001937a 4500 | ||
|---|---|---|---|
| 999 |
_c24835 _d24835 |
||
| 003 | OSt | ||
| 005 | 20210311122458.0 | ||
| 008 | 170315b xxu||||| |||| 00| 0 eng d | ||
| 020 | _a9780889028739 | ||
| 040 |
_aMMU _beng _cMMU _dMMU |
||
| 050 |
_aZ1003 _b.G64 1990 |
||
| 100 | _aGold, Joseph | ||
| 245 |
_aRead for your life _cJoseph,Gold |
||
| 260 |
_aOntrario: _bFitzhenry & Whiteside, _c1990. |
||
| 300 | _axviii,380 p.: | ||
| 500 | _aincludes index | ||
| 650 | _aBooks and reading | ||
| 942 |
_2lcc _cLOAN LOAN |
||